MARC

LEADER 00000nam0a2200000 4500
001 74240
005 20231031085104.0
010 |a 5780102872 
035 |a (RuTPU)RU\TPU\book\79177 
090 |a 74240 
100 |a 20050301d2003 k y0rusy50 ca 
101 0 |a rus 
102 |a RU 
105 |a a b 000zy 
200 1 |a Электрооборудование для нефтяной промышленности  |e сводный каталог  |f Институт промышленного развития "Информэлектро"; сост. Е. Г. Акимов; И. С. Сагирова 
210 |a Москва  |c Информэлектро  |d 2003 
215 |a 88 с.  |c ил. 
225 1 |a Каталог 
610 1 |a нефтяная промышленность 
610 1 |a электрооборудование 
610 1 |a электрические машины 
610 1 |a электродвигатели 
610 1 |a электроприборы 
610 1 |a насосное оборудование 
610 1 |a конструкции 
610 1 |a характеристики 
610 1 |a каталоги 
675 |a 622.276.05-83(085)  |v 3 
675 |a 665.63.02(085)  |v 3 
702 1 |a Акимов  |b Е. Г.  |4 220 
702 1 |a Сагирова  |b И. С.  |4 220 
712 0 2 |a Институт промышленного развития "Информэлектро"  |2 stltpush  |3 (RuTPU)RU\TPU\col\3923 
801 1 |a RU  |b 63413507  |c 20050301  |g PSBO 
801 2 |a RU  |b 63413507  |c 20091106  |g PSBO 
900 |a Системы электроники автомобилей и тракторов 
900 |a Электрооборудование промышленности 
900 |a Эксплуатация и ремонт электрооборудования автомобилей и тракторов 
900 |a Испытания электрооборудования автомобилей и тракторов 
900 |a Электрооборудование промышленности 
942 |c BK